000 00237nam a2200097Ia 4500
008 170619s9999 xx 000 0 und d
100 _aParhi- Keshab
245 0 _aVLSI Digital Signal Processing Systems
260 _bWiley-India
260 _c2011
546 _aENGLISH
999 _c20515
_d20515